000 00311nam a22001337a 4500
999 _c8151
_d8151
003 OSt
005 20200805144439.0
008 200805b ||||| |||| 00| 0 eng d
082 _a720.722
100 _aArnold, Dana
245 _aReading architectural history
260 _aLondon
_bRoutledge
_c2017
942 _2ddc